| 000 | 00660nam a2200217Ii 4500 | ||
|---|---|---|---|
| 001 | 19918 | ||
| 003 | CO-ViMGA | ||
| 008 | 241108s9999||||xx |||||||||||||| ||und|| | ||
| 020 | _a9789584636126 | ||
| 040 |
_aCO-ViMGA _bspa _erda _cCO-ViMGA |
||
| 041 | 0 | _aspa | |
| 082 | 0 | 4 | _a248.4 C17co |
| 100 | 1 |
_aJorge Alejandro Castaño Tobón _948728 |
|
| 245 | 1 | 0 | _aConozca de "acciones populares," ¡un don de Dios! |
| 264 | 1 | _aBogotá, Colombia : J.A. Castaño Tobón, 2010 | |
| 300 | _avolumen | ||
| 336 |
_atext _btxt _2rdacontent |
||
| 337 |
_aunmediated _bn _2rdamedia |
||
| 338 |
_avolume _bnc _2rdacarrier |
||
| 940 | _aidficha_siabuc: 19574. -- ficha_no_siabuc:19918 | ||
| 999 |
_c43370 _d43370 |
||